Pop Songs By Synopsis - Statistics

General Stats
  • This quiz has been taken 771 times
  • The average score is 5 of 15
Answer Stats
"Artist" Lyrics Answer % Correct
Rebecca Black It's the end of the week and we're going to party, let's sing about it in a way so insipid that even people who like pop music will make fun of us. Friday
75%
Black Eyed Peas I am going to mesmerize you with my protuding lady parts which, for lack of any ability to come up with pleasant or attractive metaphor, I've made sound like a growth on the back of Quasimodo. My Humps
73%
Eminem (ft. Rihanna) Let's romanticize jealousy and violence toward females thereby enabling thousands of young women to stay in dangerous or suicidal relationships. Love the Way You Lie
65%
Willow Smith I violently swing my hair to and fro because apparently my daddy hasn't taught me how to dance yet. Whip My Hair
59%
Black Eyed Peas I suspect I'll have fun tonight because I have some money to spend and that's all this song has to say. I Gotta Feeling
51%
Destiny's Child I doubt that you have mentally prepared yourself for the manner in which the fat on my posterior jostles about similar to, for lack of a clever metaphor, fruit preserves. Bootylicious
36%
David Guetta (ft. Akon) I'm struggling to come up with an inoffensive way to describe an attractive woman but the best I can do is compare her to a prostitute or female dog. Sexy Chick
31%
Akon (ft. Eminem) Let's go to my place to hang out because I am fixated on the possibility of slapping your buttocks with an open palm. Not interested? Did I mention I had a Lamborghini? Smack That
28%
Rihanna Come here so I can check and see if you are impotent and/or well endowed. Rude Boy
27%
Enrique Iglesias Everyone knows that I'm a womanizing misogynist but regardless I am so confident that you will sleep with me I feel like stating this in the most tactless way possible. Tonight (I'm Loving You)
26%
Katy Perry I want to see your genitals. Peacock
23%
Jason Derulo I've just met you but I will try to convince you to come with me by explaining the explicit sexual fantasies that you already feature in in my imagination. In My Head
18%
Akon You can tell from the way I'm looking at you that I want to have intercourse and I cannot think of any poetic or interesting way to say it. I Wanna (Love) You
15%
LFO I'm going to say literally any random thing that enters my mind, for instance this boy band enjoyed success while Asian food disagrees with me. Summer Girls
8%
Nickelback I love to degrade and be violent toward women. Now I'm going to repeat the same lyrics but replace the word "love" with "hate" because I can't think of anything legitimately clever to do instead. Figured You Out
2%
No matching quizzes found
Score Distribution
Percent of People with Each Score
Percentile by Number Answered
Your Score History
You have not taken this quiz